00472nam a2200181 a 4500001001300000003000900013005001700022008004100039020002300080082001600103100001100119245003700130260005000167300001000217500003500227650001700262700001100279nice12345678IN_TiNIC20260116014414.0140722s2008 puna grp 000 0 eng  a9788172612221c50000a291.4bOSH1 aOsho,  aMan of Truthb A Mojority of One aPune, India bOsho Media International c2008 a391p  aincludes index and biblioraphy aSpirituality1 aOsho,